| 000 | nam a22 7a 4500 | ||
|---|---|---|---|
| 999 |
_c25233 _d25233 |
||
| 008 | 170131b xxu||||| |||| 00| 0 eng d | ||
| 020 | _a 0646307940 | ||
| 050 | _aQA 154.2 .M38 1998 | ||
| 245 |
_aMathematical methods : _bstandard level/ _cedited by Fabio Cirrito |
||
| 250 | _a2nd ed. | ||
| 260 |
_aMelton : _bIBID Press, _c 1998. |
||
| 300 | _ax, 678p. : ilustr. ; 24 cm | ||
| 650 | _aMathematics | ||
| 942 |
_2lcc _cBOOKS _hQA 154.2 .M38 1998 |
||